Les 10 clips de musiques les plus vus sur YouTube - Statistiques

Statistiques générales
  • Ce quiz a été pris 7 764 fois
    5 971 depuis la dernière actualisation
  • Le résultat moyen est 6 sur 10
Statistiques - réponses
Nombre de vues Artistes Titres Dates de sortie % Correct
8 257 147 692 Luis Fonsi, Daddy Yankee Despacito Janvier 2017
93%
6 076 708 814 Ed Sheeran Shape of You Janvier 2017
84%
3 717 898 674 Shakira Waka Waka June 2010
77%
4 888 232 685 Psy Gangnam Style Juillet 2012
64%
6 016 577 144 Wiz Khalifa, Charlie Puth See You Again Avril 2015
63%
3 866 625 211 Katy Perry Roar Septembre 2013
54%
5 022 186 046 Mark Ronson, Bruno Mars Uptown Funk Novembre 2014
47%
3 703 989 088 Justin Bieber Sorry Octobre 2015
39%
3 930 352 009 Maroon 5 Sugar Janvier 2015
35%
3 868 429 291 OneRepublic Counting Stars Mai 2013
29%
Aucun quiz correspondant
Distribution des résultats
% des personnes avec chaque résultat
Percentile par nombre de réponses
Votre historique - résultats
Vous n’avez pas pris ce quiz depuis la dernière actualisation